00405nam a2200145Ia 450000100060000000800410000602000180004704000130006508200230007810000170010124500910011826000320020930000110024154600070025261467141120s9999 xx 000 0 und d a9789400722651 cPK-LaUMT a 711.401558bWIL-S aWilson, Alan 4aThe science of cities and regionsblectures on mathematical model designcWilson, Alan aLondon,UK:bSpringer,c2012 a102 p. aEN